000 01974nam0a22003611 4500
001 rc\63555
005 20260607083400.0
010 _a5-210-00203-9
_950000
035 _a(NLR Aleph) 005338391
090 _a6666809
_c6666809
100 _a20021216d1991 u |0rusy50 ca
101 0 _arus
102 _aRU
105 _aa |||||||||
200 1 _aПочти смешная история, и другие истории для кино, театра и для чтения тоже
_fЭмиль Брагинский
210 _aМ.
_cИскусство
_d1991
215 _a377, [4] с., [9] л. ил.
_cил.
_d21
327 1 _aСодерж.: Учитель пения; Седые волосы; Просто так; Полина Андреевна; Маркел Владимирович; Суета сует; Почти смешная история; Поездки на старом автомобиле; Лакейские игры
464 0 _12001#$aУчитель пения
_tУчитель пения
464 0 _12001#$aСедые волосы
_tСедые волосы
464 0 _12001#$aПросто так
_tПросто так
464 0 _12001#$aПолина Андреевна
_tПолина Андреевна
464 0 _12001#$aМаркел Владимирович
_tМаркел Владимирович
464 0 _12001#$aСуета сует
_tСуета сует
464 0 _12001#$aПочти смешная история
_tПочти смешная история
464 0 _12001#$aПоездки на старом автомобиле
_tПоездки на старом автомобиле
464 0 _12001#$aЛакейские игры
_tЛакейские игры
700 1 _4070
_7ca
_8rus
_aБрагинский
_bЭ. В.
_f1921-1998
_gЭмиль Вениаминович
_3RU\NLR\AUTH\770294376
_92711353
801 0 _aRU
_bNLR
_gpsbo
801 1 _aRU
_bELAR
_2rusmarc
852 _aNLR
_j91-3/12853
942 _cBOOK
980 _aNB